000 00696nam a2200205Ii 4500
003 JO-AjNU
008 230605s9999||||xx |||||||||||||| ||und||
040 _aJO-AjNU
_bara
_erda
_cJO-AjNU
041 _aara
050 1 4 _aLB1099.D3812 2001
100 3 _aيونس،صباح مترجمة,
_eauthor
_921080
245 0 0 _aكيف تدون الملاحظات=Comment Prendre Des Notes Claude Dartois
250 _aط1
264 3 1 _aبيروت:دار الفكر اللبناني،2001
300 _a87ص
336 _atext
_btxt
_2rdacontent
337 _aunmediated
_bn
_2rdamedia
338 _avolume
_bnc
_2rdacarrier
650 4 _aالملاحظات-تدوين-الذاكرة-التعلم
_921081
999 _aA7264
_c10832
_d10832